Элементный состав накипи (солевых отложений) питьевых вод Тегульдетского района Томской области; Проблемы геологии и освоения недр

Bibliographische Detailangaben
Parent link:Проблемы геологии и освоения недр.— 2009.— С. 762-764
1. Verfasser: Ялалтдинова А. Р. Альбина Рашидовна
Weitere Verfasser: Монголина Т. А. Татьяна Александровна (научный руководитель), Барановская Н. В. Наталья Владимировна
Sprache:Russisch
Veröffentlicht: 2009
Schlagworte:
Format: MixedMaterials Buchkapitel
KOHA link:https://koha.lib.tpu.ru/cgi-bin/koha/opac-detail.pl?biblionumber=181937

MARC

LEADER 00000naa2a2200000 4500
001 181937
005 20231031171151.0
035 |a (RuTPU)RU\TPU\book\197219 
090 |a 181937 
100 |a 20100615d2009 k y0rusy50 ca 
101 0 |a rus 
102 |a RU 
200 1 |a Элементный состав накипи (солевых отложений) питьевых вод Тегульдетского района Томской области  |f А. Р. Ялалтдинова, Т. А. Монголина  |g науч. рук. Н. В. Барановская 
320 |a Библиогр.: 4 назв. 
463 0 |0 (RuTPU)RU\TPU\book\186895  |y 978-5-98298-569-9  |t Проблемы геологии и освоения недр  |o труды XIII Международного симпозиума имени академика М. А. Усова студентов и молодых ученых, посвященного 110-летию со дня рождения К. В. Радугина  |f Томский политехнический университет (ТПУ), Институт геологии и нефтегазового дела (ИГНД)  |v С. 762-764  |d 2009  |p 993 с. 
610 1 |a накипь 
610 1 |a элементный состав 
610 1 |a питьевая вода 
610 1 |a геохимический состав 
610 1 |a микроэлементы 
610 1 |a пробоотбор 
610 1 |a кларки 
610 1 |a Тегульдетский район 
610 1 |a Томская область 
610 1 |a труды учёных ТПУ 
700 1 |a Ялалтдинова  |b А. Р.  |c геохимик  |c инженер Томского политехнического университета  |f 1990-  |g Альбина Рашидовна  |2 stltpush  |3 (RuTPU)RU\TPU\pers\30868 
701 1 |a Монголина  |b Т. А.  |c геохимик  |c инженер Томского политехнического университета, аспирант  |f 1985-  |g Татьяна Александровна  |2 stltpush  |3 (RuTPU)RU\TPU\pers\26172 
702 1 |a Барановская  |b Н. В.  |c геохимик  |c профессор Томского политехнического университета, доктор биологических наук  |f 1970-  |g Наталья Владимировна  |2 stltpush  |4 727 
801 1 |a RU  |b 63413507  |c 20100615 
801 2 |a RU  |b 63413507  |c 20180313  |g RCR 
942 |c BK